Statistics for Democratic Party US Presidents

Click here to take the quiz!

General Stats

  • This quiz has been taken 57 times
  • The average score is 15 of 17

Answer Stats

HintAnswer% Correct
2021 -Joe Biden
100%
2009 - 2017Barack Obama
98%
1961 - 1963John F Kennedy
98%
1993 - 2001Bill Clinton
95%
1913 - 1921Woodrow Wilson
95%
1933 - 1945Franklin D Roosevelt
93%
1977 - 1981Jimmy Carter
93%
1963 - 1969Lyndon B Johnson
93%
1865 - 1869Andrew Johnson
90%
1829 - 1837Andrew Jackson
88%
1945 - 1953Harry S Truman
88%
1845 - 1849James K Polk
85%
1857 - 1861James Buchanan
78%
1837 - 1841Martin Van Buren
78%
1885 - 1889Grover Cleveland
76%
1893 - 1897Grover Cleveland
76%
1853 - 1857Franklin Pierce
71%

Score Distribution

Percentile by Number Answered

Percent of People with Each Score

Your Score History

You have not taken this quiz